| 000 | 00695nam a2200217 a 4500 | ||
|---|---|---|---|
| 001 | BRCA_784 | ||
| 005 | 20190320203141.0 | ||
| 008 | 910426s1990 mx-a---##b---s000-0#spa-# | ||
| 040 |
_aDLC _cDLC |
||
| 041 | _aspa | ||
| 044 | _amx | ||
| 050 | 4 |
_aNA759.S3 _b.H66 1990 |
|
| 245 | 1 | 0 |
_aHomenaje a Federico Sescosse _bun hombre, un destino y un lugar _cClara Bargellini ... [et al.]. |
| 260 |
_aMéxico _bGobierno del Estado de Zacatecas _c1990 |
||
| 300 |
_axi, 140 p. _bil. (algunas a color) _c24 cm. |
||
| 504 | _aIncluye referencias bibliográficas | ||
| 650 | 1 | 4 |
_aArte mexicano _xTemas, motivos _92610 |
| 700 | 1 |
_aSescosse, Federico _92611 |
|
| 700 | 1 |
_aBargellini, Clara _92612 |
|
| 942 |
_2lcc _cB |
||
| 999 |
_c681 _d681 |
||